| 000 | 003720000a22001450004500 | ||
|---|---|---|---|
| 003 | MACL | ||
| 040 | _aMACL | ||
| 090 |
_c2490 _d2490 |
||
| 100 | _aBalasubramanian,R. | ||
| 245 |
_aThe Enworlded Subjectivity Its Three Worlds And Beyond _bPart 4 Vol 11 |
||
| 260 |
_bProject of History of Indian Science _c2006 |
||
| 350 | _a2600 | ||
| 650 | _aSociology | ||
| 942 |
_cBOOK _k300 |
||
| 999 |
_c2471 _d2471 |
||